An In Sight into Chemistry (Record no. 4241)
[ view plain ]
| 000 -LEADER | |
|---|---|
| fixed length control field | 00219nam a22000857a 4500 |
| 008 - FIXED-LENGTH DATA ELEMENTS--GENERAL INFORMATION | |
| fixed length control field | 161128b xxu||||| |||| 00| 0 eng d |
| 100 ## - MAIN ENTRY--PERSONAL NAME | |
| 9 (RLIN) | 1512 |
| Personal name | Madan.R.C. |
| 245 ## - TITLE STATEMENT | |
| Title | An In Sight into Chemistry |
| 260 ## - PUBLICATION, DISTRIBUTION, ETC. (IMPRINT) | |
| Place of publication, distribution, etc. | New Delhi |
| Name of publisher, distributor, etc. | PPC |
| Date of publication, distribution, etc. | 2008 |
| Withdrawn status | Lost status | Source of classification or shelving scheme | Damaged status | Koha normalized classification for sorting | Not for loan | Home library | Current library | Shelving location | Date acquired | Total Checkouts | Full call number | Barcode | Date last seen | Price effective from | Koha item type |
|---|---|---|---|---|---|---|---|---|---|---|---|---|---|---|---|
| Dewey Decimal Classification | 540_000000000000000 | Good Samaritan School Library | Good Samaritan School Library | Chemistry | 11/28/2016 | 540 | MAD9397 | 11/28/2016 | 11/28/2016 | BOOK | |||||
| Dewey Decimal Classification | MAD_540_000000000000000_C2 | Good Samaritan School Library | Good Samaritan School Library | Chemistry | 11/28/2016 | MAD540 C-2 | MAD9398 | 11/28/2016 | 11/28/2016 | Reference |